000 00546nam a22001817a 4500
005 20251108175213.0
008 250721s1993 xx 000 0 ara d
082 1 4 _a812/درا
100 1 _aعلماني، صالح
245 1 0 _aحكايا السجن : مسرحية /
264 1 _aدمشق _ سوريا :
_bمنشورات وزارة الثقافة،
_c1993.
300 _a109ص.
650 1 7 _aالمسرحيات
650 1 7 _aالادب المترجم
700 1 _aدراغون، ازفالدو
942 _2ddc
_cBK
999 _c128631
_d128631